ARRUPE JESUIT UNIVERSITY

CORONAVIRUS -STOP THE SPREAD - CLEAN,DISINFECT,COVER
Normal view MARC view

Entry Genre/Form Term

Number of records used in: 1

001 - CONTROL NUMBER

  • control field: 42692

003 - CONTROL NUMBER IDENTIFIER

  • control field: ARRUPE

005 - DATE AND TIME OF LATEST TRANSACTION

  • control field: 20181002114651.0

008 - FIXED-LENGTH DATA ELEMENTS

  • fixed length control field: 181002|| aca||aabn | a|a d

040 ## - CATALOGING SOURCE

  • Original cataloging agency: ARRUPE
  • Transcribing agency: ARRUPE

155 ## - HEADING--GENRE/FORM TERM

  • Genre/form term: Aufsatzsammlung.

670 ## - SOURCE DATA FOUND

  • Source citation: Work cat.: (ARRUPE)0: Hurley, Denis E. 42690, Vatican II :, 2005.

 

Arrupe Library. PO Box MP320 Mt Pleasant, Harare, Zimbabwe
263 242 745411|librarian@aju.ac.zw